000 00269nam a2200097Ia 4500
001 691778
005 20250826161842.0
008 250824s9999 xx 000 0 und d
245 0 _aBAŞKALARININ NE DÜŞÜNDÜĞÜNDEN SANANE
_cRİCHARDP. FEYNMAN
260 _bALFA YAYINLARI
999 _c691778
_d691778